书目信息 |
| 题名: |
可爱的人体
|
|
| 作者: | 陈琪敬 编写 | |
| 分册: | ||
| 出版信息: | 石家庄 河北少年儿童出版社 2011.09 |
|
| 页数: | 68页 | |
| 开本: | 25cm | |
| 丛书名: | ||
| 单 册: | ||
| 中图分类: | P183-49 | |
| 科图分类: | ||
| 主题词: | 太阳系 | |
| 电子资源: | ||
| ISBN: | 7-5376-4365-2 | |
| 000 | 00568nam0 2200193 450 | |
| 001 | 2654382588 | |
| 005 | 20260317151009.87 | |
| 010 | @a7-5376-4365-2@dCNY13.80 | |
| 100 | @a20260317d2011 km y0chiy0120 ea | |
| 101 | 0 | @achi |
| 102 | @aCN@b130000 | |
| 200 | 1 | @a可爱的人体@AKe Ai De Ren Ti@f陈琪敬编写@FChen Qi Jing Bian Xie |
| 210 | @a石家庄@c河北少年儿童出版社@d2011.09 | |
| 215 | @a68页@d25cm | |
| 606 | 0 | @a太阳系 |
| 690 | @aP183-49@v4 | |
| 701 | 0 | @a陈琪敬@AChen Qi Jing@4编写 |
| 801 | 0 | @aCN@b大连网信软件有限公司图书馆·11@c20260317 |
| 905 | @aZUCC@dP183-49@e434:2 | |
| 可爱的人体/陈琪敬编写.-石家庄:河北少年儿童出版社,2011.09 |
| 68页;25cm |
| ISBN 7-5376-4365-2:CNY13.80 |
| ● |
| 相关链接 |
|
|
|
|
正题名:可爱的人体
索取号:P183-49/434:2
 
预约/预借
| 序号 | 登录号 | 条形码 | 馆藏地/架位号 | 状态 | 备注 |
| 1 | 1442182 | 214421829 | 第二样本阅览室/ [索取号:P183-49/434:2] | 在馆 |